000 00498nam a2200169Ia 4500
999 _c35979
_d35979
003 OSt
005 20201209104139.0
008 190216s9999||||xx |||||||||||||| ||und||
040 _coclc
082 _a189.3
_bALG/T
100 _aAl - Ghazali
_92196
245 4 _aThe Book Of Knowledge /
_cAl - Ghazali
260 _bInternational Islamic Publishers,
_c1988.
_aNew Delhi:
300 _a243p
650 _aGeneral Collections
942 _cREF
_2ddc
_h189.3
_iALG/T
_k189.3
_mALG/T